Industrial Wastewater Treatment by Activated Sludge

Сохранить в:
Библиографические подробности
Главные авторы: Orhon, Derin (Автор), Babuna, Fatos Germirli (Автор), Karahan, Ozlem (Автор)
Формат:
Язык:английский
Опубликовано: Londres IWA 2009
Редактирование:1a. ed
Предметы:
Метки: Добавить метку
Нет меток, Требуется 1-ая метка записи!

MARC

LEADER 00000nam a2200000 a 4500
001 UCH3550
003 CL-VaPUC
008 090806e20090000UK |||||||||||||||||eng|d
020 |a 9781843391449 
082 0 4 |a 628.4  |b ORH  |2 21 
100 |a Orhon, Derin  |e author  |9 538877 
700 0 |a Babuna, Fatos Germirli  |e author  |9 538878 
700 0 |a Karahan, Ozlem  |e author  |9 538879 
245 1 0 |a Industrial Wastewater Treatment by Activated Sludge 
250 |a 1a. ed 
300 |a 387 p 
942 |c BK 
945 |d 20090806 00:00:00  |a dcastane 
260 |a Londres  |b IWA  |c 2009 
650 0 |a Residuos industriales  |9 261421 
650 0 |a Aguas residuales   |9 262614 
650 0 |a Drenaje sanitario  |9 353549 
650 0 |a Tecnología sanitaria  |9 262722 
650 0 |a Tratamiento de aguas  |9 262792 
650 0 |a Purificación del agua   |9 324890 
583 |a last modification  |c 20090806 00:00:00  |k Rodrigo Vera 
999 |c 335033  |d 335031 
952 |0 0  |1 0  |4 0  |6 628_400000000000000_ORH_2009  |7 0  |8 A  |9 424534  |a BIBING  |b BIBING  |d 2019-11-22  |i 4586212  |o 628.4 ORH 2009  |p 4586212  |r 2025-01-20  |w 2019-11-22  |y BK  |k EIB